000 01815cam a22004574i 4500
003 PE-LiUPU
005 20250731173034.0
008 150623s1996 paua rb 000 0 eng d
020 _a1563381834
035 _a(Sirsi) i9781563381836
040 _aPE-LiUPU
_bspa
_cPE-LiUPU
_erda
049 _aPRUA
082 0 4 _a226.066
_bR71
_221
100 1 _aRobbins, Vernon Kay,
_eautor.
245 1 0 _aExploring the texture of texts :
_ba guide to socio-rhetorical interpretation.
264 1 _aValley Forge, Pennsylvania :
_bTrinity Press International,
_c1996.
300 _a148 páginas :
_bilustraciones, cuadros ;
_c23 centímetros
336 _atext
_2rdacontent
337 _aunmediated
_2rdamedia
338 _avolume
_2rdacarrier
504 _aIncluye bibliografia.
505 0 _aInner texture: Gestting inside a text. -Intertexture: Entering the interactive world of the text. -Social and cultural texture: Living with a text in the world. -Ideological texture: Sharing interests in commentary and text. -Sacred texture: Seeking the divine in a text.
526 _aSEG42
526 _aSEG41
526 _aSEG40
526 _aSEG39
526 _aP94
526 _aP87
526 _aP86
526 _aP85
526 _aP77
526 _aP76
526 _aP35
630 _aBiblia.
_pN.T.
_xCritica, Interpretación, etc.
942 _2ddc
_cBOOK
949 _a226.066 R71
_wDEWEY
_c1
_i48003
_d2015-11-10
_e2015-11-9
_lCCODEBUL1
_mBUL
_n1
_r0
_sY
_tBOOK
_u2015-6-24
_xTEOLOGIA
_PP35
_0COMPRA
_o.STAFF. Colección Teología
994 _aC0
_bPEPRU
596 _a1
999 _a226.066 R71
_wDEWEY
_c25537
_i48003
_d25537
_e2018-1-26
_f2021-11-9
_g5
_lCCODEBUL1
_mBUL
_n2
_p20.00
_r0
_sY
_tBOOK
_u2015-6-24
_xTEOLOGIA
_PP35
_0COMPRA
_o.STAFF. Colección Teología
980 _81
_gALBERTO SANCHEZ Responsable de Automatización